[Event "2nd Kolkata GM Open 2015"]
[Site "Kolkata IND"]
[Date "2015.03.22"]
[Round "7.12"]
[White "Das, Sayantan"]
[Black "Shyam, Sundar M."]
[Result "1-0"]
[WhiteTitle "IM"]
[BlackTitle "GM"]
[WhiteElo "2433"]
[BlackElo "2491"]
[WhiteFideId "5034426"]
[BlackFideId "5019141"]
[EventDate "2015.03.16"]

1. e4 e5 2. Nf3 Nc6 3. Bb5 a6 4. Ba4 Nf6 5. O-O Be7 6. Re1 b5 7. Bb3 d6 8. c3
O-O 9. h3 Nd7 10. d4 Bf6 11. a4 Bb7 12. Na3 exd4 13. cxd4 Na5 14. axb5 axb5 15.
Bc2 b4 16. Nb5 Qb8 17. d5 Re8 18. Nbd4 Ne5 19. Nxe5 Bxe5 20. Nf5 b3 21. Bd3 Bc8
22. Ne3 Bd7 23. Bd2 Nb7 24. Rxa8 Qxa8 25. Nc4 Bf6 26. Qxb3 Nc5 27. Qc2 Ba4 28.
Qb1 Nxd3 29. Qxd3 Bb5 30. Bc3 Bh4 31. Bd4 c5 32. Be3 Qa2 33. b3 Rb8 34. Qd2 Qa6
35. Rc1 Bf6 36. Bf4 Bxc4 37. bxc4 h5 38. Qe2 h4 39. e5 dxe5 40. Bxe5 Re8 41. f4
Qa3 42. Re1 Qb4 43. d6 Re6 44. d7 Bd8 45. f5 Re7 46. f6 gxf6 47. Qg4+ Kf8 48.
Qxh4 Qxe1+ 49. Qxe1 fxe5 50. Qh4 Rxd7 51. Qh8+ Ke7 52. Qxe5+ Kf8 53. Qxc5+ Be7
54. Qh5 Bf6 55. c5 Ke7 56. c6 Rd6 57. Qb5 Rd1+ 58. Kf2 Kd6 59. Qb4+ 1-0

[Event "2nd Kolkata GM Open 2015"]
[Site "Kolkata IND"]
[Date "2015.03.22"]
[Round "7.13"]
[White "Satyapragyan, Swayangsu"]
[Black "Kunte, Abhijit"]
[Result "1/2-1/2"]
[WhiteTitle "IM"]
[BlackTitle "GM"]
[WhiteElo "2394"]
[BlackElo "2485"]
[WhiteFideId "5004306"]
[BlackFideId "5002265"]
[EventDate "2015.03.16"]

1. e4 e5 2. Nf3 Nc6 3. Bb5 a6 4. Ba4 Nf6 5. O-O Be7 6. d3 d6 7. c4 O-O 8. h3 Nd7
9. Be3 Bf6 10. Bxc6 bxc6 11. d4 exd4 12. Bxd4 Re8 13. Nc3 Bb7 14. Qc2 Bxd4 15.
Nxd4 Qf6 16. Rad1 Qg6 17. Nf5 Qe6 18. b3 Nf6 19. Rfe1 Qe5 20. Qc1 Nh5 21. Qe3
Bc8 22. Nd4 Bb7 23. Nf5 Bc8 24. Nd4 Bb7 25. Nf5 1/2-1/2

[Event "2nd Kolkata GM Open 2015"]
[Site "Kolkata IND"]
[Date "2015.03.22"]
[Round "7.14"]
[White "Ankit, R. Rajpara"]
[Black "Ravi, Teja S."]
[Result "1-0"]
[WhiteTitle "GM"]
[WhiteElo "2477"]
[BlackElo "2401"]
[WhiteFideId "5023335"]
[BlackFideId "5017220"]
[EventDate "2015.03.16"]

1. d4 d5 2. c4 c6 3. Nc3 Nf6 4. e3 a6 5. Nf3 b5 6. b3 Bg4 7. Be2 e6 8. O-O Bd6
9. h3 Bxf3 10. Bxf3 O-O 11. Bb2 Nbd7 12. Qe2 Rb8 13. e4 Bb4 14. cxd5 exd5 15. e5
Ne8 16. Nd1 g6 17. Rc1 Rc8 18. Ne3 Ng7 19. Bxd5 Qb6 20. Be4 f5 21. Bf3 f4 22.
Ng4 Nf5 23. Qe4 Ne7 24. a3 1-0

[Event "2nd Kolkata GM Open 2015"]
[Site "Kolkata IND"]
[Date "2015.03.22"]
[Round "7.15"]
[White "Sriram, Jha"]
[Black "Deepan, Chakkravarthy J."]
[Result "1/2-1/2"]
[WhiteTitle "GM"]
[BlackTitle "GM"]
[WhiteElo "2409"]
[BlackElo "2476"]
[WhiteFideId "5001668"]
[BlackFideId "5011132"]
[EventDate "2015.03.16"]

1. d4 c5 2. d5 g6 3. e4 Bg7 4. Nf3 d6 5. Bb5+ Nd7 6. a4 Nf6 7. Nc3 O-O 8. O-O
Ne8 9. Re1 Nc7 10. Bf1 e5 11. dxe6 Nxe6 12. Qxd6 Ne5 13. Qxd8 Nxf3+ 14. gxf3
Rxd8 15. Ne2 g5 16. c3 Be5 17. Be3 b6 18. Kg2 Kg7 19. Kg1 Kg8 20. Kg2 Kg7 21.
Kg1 Kg8 22. Kg2 Kg7 1/2-1/2

[Event "2nd Kolkata GM Open 2015"]
[Site "Kolkata IND"]
[Date "2015.03.22"]
[Round "7.16"]
[White "Abdulla, Al-Rakib"]
[Black "Laxman, R.R."]
[Result "0-1"]
[WhiteTitle "GM"]
[BlackTitle "GM"]
[WhiteElo "2521"]
[BlackElo "2375"]
[WhiteFideId "10200444"]
[BlackFideId "5005361"]
[EventDate "2015.03.16"]

1. d4 Nf6 2. Nf3 e6 3. Bf4 c5 4. e3 Nc6 5. c3 d5 6. Nbd2 Bd6 7. dxc5 Bxc5 8. Bd3
O-O 9. O-O h6 10. Qe2 Re8 11. e4 e5 12. Bg3 Bg4 13. Rad1 d4 14. h3 Bh5 15. Bb5
a6 16. Bxc6 d3 17. Qe1 bxc6 18. Nb3 Bb6 19. Nc1 Bxf3 20. gxf3 Nh5 21. Kg2 Qg5
22. Nxd3 Rad8 23. Kh2 Re6 24. Rg1 Qe7 25. Qe2 Red6 26. b3 R8d7 27. c4 Bd4 28. c5
Rg6 29. b4 Qe6 30. Rg2 Rg5 31. Nc1 Bxf2 0-1

[Event "2nd Kolkata GM Open 2015"]
[Site "Kolkata IND"]
[Date "2015.03.22"]
[Round "7.17"]
[White "Abhishek, Kelkar"]
[Black "Oral, Tomas"]
[Result "0-1"]
[BlackTitle "GM"]
[WhiteElo "2343"]
[BlackElo "2519"]
[WhiteFideId "5019257"]
[BlackFideId "303739"]
[EventDate "2015.03.16"]

1. d4 Nf6 2. c4 g6 3. Nc3 d5 4. Nf3 Bg7 5. Qb3 dxc4 6. Qxc4 O-O 7. e4 Nc6 8. Be2
Bg4 9. d5 Na5 10. Qd3 c6 11. b4 Nxe4 12. Bb2 cxd5 13. bxa5 Qxa5 14. Nd4 Qb4 15.
O-O-O Bxe2 16. Ncxe2 Nxf2 17. Qe3 Nxh1 18. Rxh1 e5 19. Nb3 a5 20. a3 Qb5 21. Kb1
d4 0-1

[Event "2nd Kolkata GM Open 2015"]
[Site "Kolkata IND"]
[Date "2015.03.22"]
[Round "7.18"]
[White "Narayanan, Srinath"]
[Black "Girinath, P.D.S."]
[Result "1/2-1/2"]
[WhiteTitle "IM"]
[BlackTitle "IM"]
[WhiteElo "2459"]
[BlackElo "2334"]
[WhiteFideId "5018420"]
[BlackFideId "5000572"]
[EventDate "2015.03.16"]

1. e4 e6 2. d4 d5 3. Nd2 c5 4. Ngf3 cxd4 5. exd5 Qxd5 6. Bc4 Qd7 7. O-O Nc6 8.
Nb3 Nf6 9. Nbxd4 Nxd4 10. Nxd4 a6 11. Re1 Bc5 12. c3 Bxd4 13. cxd4 b5 14. Bb3
Bb7 15. Bf4 O-O 16. Be5 Nd5 17. Rc1 Rac8 18. Rc5 Ne7 19. Qg4 Ng6 20. Bg3 Rfd8
21. Rec1 h5 22. Qxh5 Qxd4 23. Rxc8 Rxc8 24. Rxc8+ Bxc8 25. Qd1 Qxd1+ 26. Bxd1 e5
27. f3 Be6 28. b3 f5 29. Kf1 Kf7 30. Ke2 Ke7 31. Kd3 Kd6 32. Kc3 a5 33. a3 Ne7
34. Bh4 b4+ 35. Kb2 Nc6 36. a4 Bd5 37. Bf2 Nd4 38. Bh4 Nc6 39. Bg5 f4 40. g3
fxg3 41. hxg3 Kc5 42. Be3+ Nd4 43. f4 Kd6 44. fxe5+ Kxe5 45. Bf4+ Ke4 46. Bc7
Nc6 47. Bb6 Kd3 48. Bh5 Kd2 49. Be8 Ne5 50. Bb5 Nd3+ 51. Bxd3 Kxd3 52. Bxa5 Bf3
53. Bxb4 g6 54. Ka3 Kd4 55. Bf8 Kd5 56. Kb4 Bd1 57. Kb5 Bxb3 58. a5 Ke6 59. Kc6
Bc4 60. Kb7 Bd5+ 61. Kb8 Bc4 62. Kc7 Bd3 63. Kb6 Kd7 1/2-1/2

[Event "2nd Kolkata GM Open 2015"]
[Site "Kolkata IND"]
[Date "2015.03.22"]
[Round "7.19"]
[White "Neelotpal, Das"]
[Black "Raghunandan, Kaumandur Srihari"]
[Result "1/2-1/2"]
[WhiteTitle "GM"]
[BlackTitle "FM"]
[WhiteElo "2446"]
[BlackElo "2294"]
[WhiteFideId "5003512"]
[BlackFideId "25004964"]
[EventDate "2015.03.16"]

1. d4 d5 2. c4 c6 3. cxd5 cxd5 4. Bf4 Nf6 5. Nc3 Nc6 6. e3 Bf5 7. Rc1 Rc8 8. Nf3
a6 9. Ne5 Nxe5 10. Bxe5 Nd7 11. Bf4 e6 12. Be2 Be7 13. O-O O-O 14. a3 Bg5 15.
Bg3 Rc6 16. b4 Qc8 17. Qd2 Nb6 18. b5 Nc4 19. Bxc4 Rxc4 20. bxa6 bxa6 21. Na4
Qc6 22. Nc5 Be7 23. Rxc4 dxc4 24. Rc1 Bxc5 25. Rxc4 Rd8 26. Qa5 Rd5 27. Rxc5
Qxc5 28. Qxc5 Rxc5 29. dxc5 Be4 30. Bd6 a5 31. f3 Bc6 32. Kf2 f6 33. Ke2 e5 34.
Kd3 Kf7 35. Kc4 Ke6 36. Kb3 a4+ 37. Kb4 f5 38. h4 h5 39. Bf8 g6 40. Ka5 e4 41.
Kb6 Kd7 42. f4 Bd5 43. g3 Bc6 44. Bg7 Bd5 45. Bc3 Bc6 46. Be1 Bd5 47. Bf2 Bc6
48. Bg1 Bd5 49. Bh2 Bc6 50. Bg1 Bd5 51. Bf2 Bc6 1/2-1/2

[Event "2nd Kolkata GM Open 2015"]
[Site "Kolkata IND"]
[Date "2015.03.22"]
[Round "7.20"]
[White "Kunal, M."]
[Black "Swayams, Mishra"]
[Result "1/2-1/2"]
[BlackTitle "IM"]
[WhiteElo "2327"]
[BlackElo "2440"]
[WhiteFideId "5018250"]
[BlackFideId "5028183"]
[EventDate "2015.03.16"]

1. e4 e5 2. Nf3 Nc6 3. Bb5 a6 4. Ba4 Nf6 5. O-O Be7 6. Re1 b5 7. Bb3 d6 8. c3
O-O 9. d4 Bg4 10. Be3 Nxe4 11. Bd5 Qd7 12. Bxe4 d5 13. Bc2 e4 14. Nbd2 exf3 15.
Nxf3 Bd6 16. Qd3 g6 17. Bg5 f6 18. Bh4 Kg7 19. Bg3 Rae8 20. Nh4 Ne7 21. a4 Bf5
22. Nxf5+ Nxf5 23. Rxe8 Rxe8 24. axb5 axb5 25. Qf3 Nxg3 26. hxg3 c6 27. b4 Re7
28. Bd3 Bb8 29. g4 Qe8 30. Kf1 Ra7 1/2-1/2

[Event "2nd Kolkata GM Open 2015"]
[Site "Kolkata IND"]
[Date "2015.03.23"]
[Round "8.1"]
[White "Ganguly, Surya Shekhar"]
[Black "Lu, Shanglei"]
[Result "1/2-1/2"]
[WhiteTitle "GM"]
[BlackTitle "GM"]
[WhiteElo "2603"]
[BlackElo "2570"]
[WhiteFideId "5002150"]
[BlackFideId "8603332"]
[EventDate "2015.03.16"]

1. d4 f5 2. c4 Nf6 3. Nc3 g6 4. h4 Bg7 5. h5 e6 6. hxg6 hxg6 7. Rxh8+ Bxh8 8.
Qd3 Nc6 9. Bg5 Qe7 10. Nf3 d6 11. e4 e5 12. d5 Nd8 13. g3 Nf7 14. Bh4 Bg7 15.
Ng5 Bh6 16. f4 exf4 17. gxf4 Nxe4 18. O-O-O Nfxg5 19. Re1 Bd7 20. Nxe4 fxe4 21.
Qe3 b6 22. fxg5 Bg7 23. Qxe4 Qxe4 24. Rxe4+ Kf7 25. Rf4+ Kg8 26. Bd3 Be5 27. Rf3
Bg4 28. Rf1 Kg7 29. Rg1 Bf5 30. Bxf5 gxf5 31. Bf2 Rh8 32. Rg2 Kg6 33. b3 f4 34.
Kd2 f3 35. Rg1 Rh2 36. Rf1 Bd4 37. Ke1 Bc3+ 38. Kd1 Kxg5 39. Bg3 Rxa2 40. Rxf3
Bb4 41. Rf7 Rd2+ 42. Kc1 Rd3 43. Bf2 Rxb3 44. Rxc7 Ba3+ 45. Kd1 a5 46. Rc6 Rb1+
47. Ke2 Bc5 48. Bxc5 dxc5 49. Kd3 a4 50. Rc8 Kf5 51. Ra8 Rb3+ 52. Kc2 Rb4 53.
Kc3 Ke5 54. Kd3 b5 55. Re8+ Kd6 56. Re6+ Kc7 57. cxb5 Rxb5 58. Ra6 Rb4 59. Rc6+
Kd7 1/2-1/2

[Event "2nd Kolkata GM Open 2015"]
[Site "Kolkata IND"]
[Date "2015.03.23"]
[Round "8.2"]
[White "Sandipan, Chanda"]
[Black "Short, Nigel D"]
[Result "1/2-1/2"]
[WhiteTitle "GM"]
[BlackTitle "GM"]
[WhiteElo "2569"]
[BlackElo "2664"]
[WhiteFideId "5004225"]
[BlackFideId "400025"]
[EventDate "2015.03.16"]

1. d4 d5 2. c4 e6 3. Nc3 Nf6 4. cxd5 exd5 5. Bg5 c6 6. Qc2 Na6 7. a3 Nc7 8. e3
Ne6 9. Bh4 Be7 10. Nf3 O-O 11. Bd3 g6 12. O-O Ng7 13. b4 a6 14. Rab1 Bf5 15. Nd2
Bxd3 16. Qxd3 Nf5 17. Bxf6 Bxf6 18. a4 b5 19. Nb3 Be7 20. Nc5 Re8 21. Rfe1 h5
22. a5 Ra7 23. Rbd1 Bxc5 24. dxc5 Qh4 25. e4 Rae7 26. g3 Qf6 27. Re2 dxe4 28.
Nxe4 Qg7 29. f4 Re6 30. h3 Rf8 31. Kg2 Ne7 32. Nd6 Rxe2+ 33. Qxe2 Nd5 34. Rxd5
cxd5 35. Qe5 Rd8 36. Kf2 g5 37. Qxg7+ Kxg7 38. fxg5 Kf8 39. Ke3 Ke7 40. Nf5+ Kd7
41. Kd4 Re8 42. Kxd5 Re1 43. Nd6 Rd1+ 44. Ke5 Rf1 45. Nf5 Rb1 46. Kf6 Ke8 47.
Nd6+ Kf8 48. h4 Rb3 49. Ke5 Ke7 50. c6 Rc3 51. Nf5+ Kd8 52. Nh6 Rxc6 53. Nxf7+
Ke7 54. Nh6 Kf8 55. Nf5 Kf7 56. g4 hxg4 57. h5 Re6+ 58. Kf4 Re1 59. g6+ Kf6 60.
Ng3 Rd1 61. Ne4+ Kg7 62. Kxg4 Rd4 63. Kf5 Rxb4 64. Nf6 Rb1 65. Ng4 Rf1+ 66. Kg5
Rg1 67. h6+ Kf8 68. Kf5 b4 69. Nf6 b3 70. h7 Kg7 71. Ne8+ Kh8 72. Nd6 Kg7 73.
Ne8+ Kh8 74. Nd6 Kg7 1/2-1/2

[Event "2nd Kolkata GM Open 2015"]
[Site "Kolkata IND"]
[Date "2015.03.23"]
[Round "8.3"]
[White "Stupak, Kirill"]
[Black "Wang, Chen"]
[Result "1/2-1/2"]
[WhiteTitle "GM"]
[BlackTitle "IM"]
[WhiteElo "2567"]
[BlackElo "2500"]
[WhiteFideId "13503758"]
[BlackFideId "8601020"]
[EventDate "2015.03.16"]

1. d4 Nf6 2. c4 e6 3. Nf3 d5 4. Bg5 Nbd7 5. e3 c6 6. Nc3 Qa5 7. cxd5 exd5 8. Bd3
Ne4 9. O-O Nxg5 10. Nxg5 Qd8 11. f4 Nf6 12. e4 h6 13. Nxf7 Kxf7 14. e5 g6 15. f5
g5 16. exf6 Qxf6 17. Qh5+ Kg8 18. Qg6+ Bg7 19. Qe8+ Kh7 20. Qg6+ Kg8 21. Qe8+
Kh7 22. Qg6+ Kg8 23. Qe8+ Kh7 24. Qh5 1/2-1/2

[Event "2nd Kolkata GM Open 2015"]
[Site "Kolkata IND"]
[Date "2015.03.23"]
[Round "8.4"]
[White "Laxman, R.R."]
[Black "Quesada Perez, Yuniesky"]
[Result "1/2-1/2"]
[WhiteTitle "GM"]
[BlackTitle "GM"]
[WhiteElo "2375"]
[BlackElo "2637"]
[WhiteFideId "5005361"]
[BlackFideId "3504409"]
[EventDate "2015.03.16"]

1. d4 Nf6 2. c4 e6 3. Nf3 b6 4. g3 Bb7 5. Bg2 Be7 6. O-O O-O 7. Re1 d5 8. cxd5
exd5 9. Nc3 Ne4 10. Bf4 Nc6 11. Qa4 Bb4 12. Qc2 Re8 13. Red1 Bxc3 14. bxc3 Na5
15. h4 Qe7 16. Ne5 f6 17. Bxe4 dxe4 18. Ng4 Qf7 19. Ne3 h6 20. g4 Bd5 21. Bxc7
Nc4 22. Nxd5 Qxd5 23. Bg3 Rac8 24. e3 Rc6 25. Qe2 Na3 26. Rac1 Rec8 27. Qa6 Nc4
28. Qxa7 Nb2 29. c4 Nxc4 30. Rb1 Kh7 31. a4 Rd8 32. Qe7 Rd7 33. Rb5 Rc5 34. Rxc5
bxc5 35. Qe8 Rb7 36. h5 Nb2 37. Qg6+ Kh8 38. Qe8+ Kh7 39. Qg6+ Kh8 40. Qe8+ Kh7 1/2-1/2

[Event "2nd Kolkata GM Open 2015"]
[Site "Kolkata IND"]
[Date "2015.03.23"]
[Round "8.5"]
[White "Ortiz Suarez, Isan Reynaldo"]
[Black "Ankit, R. Rajpara"]
[Result "1-0"]
[WhiteTitle "GM"]
[BlackTitle "GM"]
[WhiteElo "2625"]
[BlackElo "2477"]
[WhiteFideId "3507165"]
[BlackFideId "5023335"]
[EventDate "2015.03.16"]

1. e4 e6 2. d4 d5 3. Nd2 Be7 4. Ngf3 Nf6 5. e5 Nfd7 6. Bd3 c5 7. c3 Nc6 8. O-O
g5 9. dxc5 Nxc5 10. Bb5 Qb6 11. Nd4 Bd7 12. Nxc6 bxc6 13. Be2 Qc7 14. b4 Nb7 15.
Ba6 c5 16. Nb3 cxb4 17. cxb4 Nd8 18. Be3 Nc6 19. Rc1 Qb8 20. Nc5 Nxe5 21. Nxd7
Nxd7 22. Rc8+ Qxc8 23. Bxc8 Rxc8 24. Qa4 h6 25. Rc1 Rxc1+ 26. Bxc1 Bd6 27. Bb2
e5 28. Qc6 Ke7 29. Qxd5 Rc8 30. g3 Rc2 31. Qb3 Rc7 32. a4 Nb6 33. b5 Nc4 34. Bc3
e4 35. Bb4 Ne5 36. Qd5 Rc1+ 37. Kg2 Bxb4 38. Qxe5+ Kf8 39. Qxe4 Bc5 40. Qh7 1-0

[Event "2nd Kolkata GM Open 2015"]
[Site "Kolkata IND"]
[Date "2015.03.23"]
[Round "8.6"]
[White "Gopal, G.N."]
[Black "Das, Sayantan"]
[Result "1-0"]
[WhiteTitle "GM"]
[BlackTitle "IM"]
[WhiteElo "2575"]
[BlackElo "2433"]
[WhiteFideId "5015693"]
[BlackFideId "5034426"]
[EventDate "2015.03.16"]

1. e4 e6 2. d4 d5 3. Nc3 Bb4 4. e5 c5 5. a3 Bxc3+ 6. bxc3 Ne7 7. h4 Qa5 8. Bd2
Nbc6 9. h5 h6 10. Qg4 Nf5 11. Bd3 Nce7 12. dxc5 Qxc5 13. Nf3 Qc7 14. O-O O-O 15.
Rfe1 Bd7 16. a4 a6 17. Qh3 f6 18. Qg4 Kh8 19. Rab1 b5 20. exf6 gxf6 21. Nh4 Nxh4
22. Qxh4 Ng8 23. axb5 axb5 24. Bxb5 Bxb5 25. Rxb5 Qd7 26. Reb1 Rf7 27. Qf4 Rg7
28. Qf3 Rc8 29. g3 Kh7 30. Rb6 Rc4 31. R1b4 Rc6 32. Rb8 f5 33. Bf4 Rc8 34. Be5
Rxb8 35. Rxb8 Qa7 36. Qd3 Rb7 37. Rc8 Qa1+ 38. Kh2 Qe1 39. Bd4 Rf7 40. Qb5 Qd1
41. Rxg8 Qxh5+ 42. Kg2 f4 43. Rh8+ Kg6 44. Qd3+ 1-0

[Event "2nd Kolkata GM Open 2015"]
[Site "Kolkata IND"]
[Date "2015.03.23"]
[Round "8.7"]
[White "Kotsur, Pavel"]
[Black "Rathnakaran, K."]
[Result "0-1"]
[WhiteTitle "GM"]
[BlackTitle "IM"]
[WhiteElo "2567"]
[BlackElo "2411"]
[WhiteFideId "13700278"]
[BlackFideId "5005507"]
[EventDate "2015.03.16"]

1. Nf3 Nf6 2. c4 c5 3. Nc3 g6 4. d4 cxd4 5. Nxd4 Bg7 6. e4 d6 7. Be2 O-O 8. O-O
Nc6 9. Be3 Bd7 10. f3 Nxd4 11. Bxd4 a5 12. b3 Bc6 13. Qd2 Nd7 14. Be3 Nc5 15.
Rab1 e6 16. Rfd1 Be5 17. Qe1 Qe7 18. Bf1 f5 19. exf5 Rxf5 20. Ne2 Raf8 21. Nd4
Bxd4 22. Rxd4 e5 23. Rd2 e4 24. f4 Nd3 25. Bxd3 exd3 26. Rbd1 Be4 27. g4 R5f7
28. Qg3 a4 29. Rf2 g5 30. f5 Bc6 31. Rfd2 Qe4 32. Bxg5 Rg7 33. Re1 Qd4+ 34. Be3
Qxg4 35. Bh6 Qd4+ 0-1

[Event "2nd Kolkata GM Open 2015"]
[Site "Kolkata IND"]
[Date "2015.03.23"]
[Round "8.8"]
[White "Gagare, Shardul"]
[Black "Sengupta, Deep"]
[Result "0-1"]
[WhiteTitle "IM"]
[BlackTitle "GM"]
[WhiteElo "2417"]
[BlackElo "2567"]
[WhiteFideId "5037883"]
[BlackFideId "5008352"]
[EventDate "2015.03.16"]

1. d4 Nf6 2. c4 e6 3. Nf3 d5 4. Nc3 c5 5. cxd5 Nxd5 6. e4 Nxc3 7. bxc3 cxd4 8.
cxd4 Bb4+ 9. Bd2 Bxd2+ 10. Qxd2 O-O 11. Bc4 b6 12. O-O Bb7 13. Rfe1 Nd7 14. Rad1
Rc8 15. Bb3 h6 16. Re3 b5 17. Qe2 Qb6 18. e5 Rfd8 19. Ne1 Bd5 20. Bxd5 exd5 21.
e6 fxe6 22. Rxe6 Rc6 23. Re7 Nf8 24. Nf3 Re6 25. Rxe6 Nxe6 26. g3 b4 27. Qd3 Rf8
28. Ne5 Qc7 29. Qb3 Qd6 30. Kg2 a5 31. Qd3 Ng5 32. f3 Qe6 33. Rc1 Qh3+ 34. Kg1
Rc8 35. Rc5 Qe6 36. Rxc8+ Qxc8 37. h4 Qc1+ 38. Kf2 Qb2+ 39. Ke3 Ne6 40. f4 a4
41. f5 Nf8 42. Qb5 Qc1+ 43. Ke2 Qc2+ 44. Ke3 Qe4+ 45. Kd2 Qg2+ 46. Kc1 Qg1+ 47.
Kd2 Qf2+ 48. Kc1 Qxd4 49. Qe8 Qg1+ 50. Kd2 Qf2+ 51. Kd3 Qxf5+ 52. Kd4 Qe4+ 53.
Kc5 Qxe5 54. Qxe5 Nd7+ 55. Kxb4 Nxe5 56. Kxa4 d4 57. Kb4 Kf7 58. a4 Ke6 59. a5
Kd6 0-1

[Event "2nd Kolkata GM Open 2015"]
[Site "Kolkata IND"]
[Date "2015.03.23"]
[Round "8.9"]
[White "Kokarev, Dmitry"]
[Black "Shyam, Nikil P."]
[Result "1-0"]
[WhiteTitle "GM"]
[BlackTitle "IM"]
[WhiteElo "2638"]
[BlackElo "2417"]
[WhiteFideId "4132181"]
[BlackFideId "5024218"]
[EventDate "2015.03.16"]

1. e4 c5 2. Nf3 d6 3. Bb5+ Bd7 4. c4 g6 5. d4 cxd4 6. Nxd4 Bg7 7. Nc3 Nf6 8. O-O
Nc6 9. Bxc6 bxc6 10. c5 O-O 11. h3 Qa5 12. Nb3 Qb4 13. a3 Qc4 14. cxd6 exd6 15.
Na5 Qa6 16. b4 c5 17. Bg5 Be6 18. Rc1 Rfc8 19. Bxf6 Bxf6 20. Nd5 Bd8 21. Nc4 Bd7
22. bxc5 dxc5 23. f4 Bb5 24. Qd3 Rab8 25. Rf3 Rb7 26. Qc3 Qe6 27. Rd1 Rcb8 28.
f5 Qa6 29. Nce3 Qa4 30. Kh2 h5 31. fxg6 fxg6 32. Nf6+ Bxf6 33. Rxf6 Qxe4 34. Nd5
Rg7 35. Rf4 Qe6 36. Nf6+ Kh8 37. Qxc5 a6 38. Qg5 1-0

[Event "2nd Kolkata GM Open 2015"]
[Site "Kolkata IND"]
[Date "2015.03.23"]
[Round "8.10"]
[White "Kulkarni, Rakesh"]
[Black "Lalith, Babu M.R."]
[Result "0-1"]
[BlackTitle "GM"]
[WhiteElo "2282"]
[BlackElo "2556"]
[WhiteFideId "5037077"]
[BlackFideId "5024595"]
[EventDate "2015.03.16"]

1. e4 c6 2. d4 d5 3. exd5 cxd5 4. c4 Nf6 5. Nc3 Nc6 6. Bg5 Be6 7. a3 g6 8. Bxf6
exf6 9. cxd5 Bxd5 10. Qe2+ Ne7 11. Nxd5 Qxd5 12. Qb5+ Kd8 13. Qxd5+ Nxd5 14. Bc4
Nf4 15. Bxf7 Rc8 16. Ne2 Nd3+ 17. Kd2 Nxf2 18. Rhb1 Bh6+ 19. Ke1 Ne4 20. Rd1 Rc7
21. Be6 Ng5 22. Bb3 Re8 23. Kf1 Re3 24. Nc3 Ne4 25. Nxe4 Rxb3 26. Nc5 Re3 27.
Re1 Rce7 28. Rxe3 Bxe3 29. Rd1 Kc7 30. Re1 Kc6 31. g3 f5 32. Kg2 Bg5 33. Rd1 Kd5
34. h4 Bf6 35. Kf3 Bxd4 36. Nd3 Kc4 37. Nf4 Bxb2 38. Nd5 Rf7 39. Ne3+ Kb5 40.
Rd5+ Kc6 41. Rd2 Be5 42. Rc2+ Kb5 43. Rc8 Bxg3 44. a4+ Ka6 45. Nd5 Bd6 46. Rd8
Bc5 0-1

[Event "2nd Kolkata GM Open 2015"]
[Site "Kolkata IND"]
[Date "2015.03.23"]
[Round "8.11"]
[White "Kovalev, Vladislav"]
[Black "Sriram, Jha"]
[Result "1/2-1/2"]
[WhiteTitle "GM"]
[BlackTitle "GM"]
[WhiteElo "2531"]
[BlackElo "2409"]
[WhiteFideId "13504398"]
[BlackFideId "5001668"]
[EventDate "2015.03.16"]

1. e4 e5 2. Nf3 Nc6 3. d4 exd4 4. Nxd4 Nf6 5. Nxc6 bxc6 6. Bd3 d5 7. Nd2 Bg4 8.
f3 dxe4 9. Nxe4 Nxe4 10. Qe2 Bf5 11. Bxe4 Bxe4 12. Qxe4+ Qe7 13. Qxe7+ Bxe7 14.
Be3 O-O-O 15. Kf2 Bh4+ 16. g3 Bf6 17. Rad1 Bxb2 18. Bxa7 Ba3 19. Rxd8+ Rxd8 20.
Be3 Rd5 21. c3 Bc5 22. Bxc5 Rxc5 23. Rc1 Ra5 24. Rc2 Kd7 25. Rd2+ Ke6 26. Ke3 c5
27. Kd3 Kd5 28. Re2 c4+ 29. Ke3 Ra3 30. Rc2 1/2-1/2

[Event "2nd Kolkata GM Open 2015"]
[Site "Kolkata IND"]
[Date "2015.03.23"]
[Round "8.12"]
[White "Oral, Tomas"]
[Black "Satyapragyan, Swayangsu"]
[Result "1/2-1/2"]
[WhiteTitle "GM"]
[BlackTitle "IM"]
[WhiteElo "2519"]
[BlackElo "2394"]
[WhiteFideId "303739"]
[BlackFideId "5004306"]
[EventDate "2015.03.16"]

1. e4 c5 2. Nf3 e6 3. d4 cxd4 4. Nxd4 a6 5. Nc3 Qc7 6. Bd3 Nf6 7. O-O d6 8. Kh1
Nbd7 9. f4 Be7 10. Qe2 b5 11. Bd2 Bb7 12. Rae1 O-O 13. e5 dxe5 14. fxe5 Nd5 15.
Qh5 g6 16. Qh3 Nxc3 17. bxc3 Bd5 18. Be4 Qb7 19. Bxd5 Qxd5 20. Bh6 Nxe5 21. Bxf8
Rxf8 22. Qe3 Bd6 23. Nf3 Nxf3 24. Qxf3 Qxa2 25. Ra1 Qxc2 26. Rxa6 Be5 27. Rxe6
Qxc3 28. Qe2 Bb8 29. Re8 Qc7 30. Rxf8+ Kxf8 31. g3 b4 32. Kg2 Qe7 1/2-1/2

[Event "2nd Kolkata GM Open 2015"]
[Site "Kolkata IND"]
[Date "2015.03.23"]
[Round "8.13"]
[White "Kunte, Abhijit"]
[Black "Stany, G.A."]
[Result "1/2-1/2"]
[WhiteTitle "GM"]
[BlackTitle "IM"]
[WhiteElo "2485"]
[BlackElo "2380"]
[WhiteFideId "5002265"]
[BlackFideId "5029104"]
[EventDate "2015.03.16"]

1. d4 Nf6 2. c4 g6 3. Nc3 d5 4. e3 Bg7 5. cxd5 Nxd5 6. Nxd5 Qxd5 7. Ne2 c6 8.
Nc3 Qa5 9. Bd2 O-O 10. Be2 Nd7 11. O-O e5 12. Ne4 Qb6 13. dxe5 Nxe5 14. Bc3 Bf5
15. Bd4 Qc7 16. Ng3 Be6 17. f4 Nd7 18. f5 Bxd4 19. Qxd4 gxf5 20. Nxf5 Qe5 21.
Nd6 Qxd4 22. exd4 Rab8 23. Rac1 Nb6 24. Rc3 Rbd8 25. Nxb7 Rxd4 26. Nc5 Bd5 27.
Bf3 Na4 28. Nxa4 Rxa4 29. a3 Rd4 30. Re1 Rb8 31. Re2 a5 32. Kf2 a4 33. Rcc2 Rb3
34. Red2 Rxd2+ 35. Rxd2 Bxf3 1/2-1/2

[Event "2nd Kolkata GM Open 2015"]
[Site "Kolkata IND"]
[Date "2015.03.23"]
[Round "8.14"]
[White "Deepan, Chakkravarthy J."]
[Black "Harikrishnan.A.Ra"]
[Result "1-0"]
[WhiteTitle "GM"]
[WhiteElo "2476"]
[BlackElo "2259"]
[WhiteFideId "5011132"]
[BlackFideId "5081483"]
[EventDate "2015.03.16"]

1. c4 e5 2. a3 a5 3. e3 Nc6 4. Nc3 Nf6 5. Nf3 Be7 6. Be2 O-O 7. O-O d5 8. d4
exd4 9. exd4 Bg4 10. h3 Bh5 11. Be3 dxc4 12. g4 Bg6 13. d5 Na7 14. Ne5 Nc8 15.
f4 Bd3 16. Nxd3 cxd3 17. Qxd3 c6 18. Rad1 Nxd5 19. Nxd5 cxd5 20. Qxd5 Qxd5 21.
Rxd5 Rd8 22. Rfd1 Rxd5 23. Rxd5 Bd6 24. Kf2 Kf8 25. Bf3 Be7 26. Bd2 b6 27. Rh5
Ra7 28. Rxh7 Kg8 29. Rh5 Rc7 30. Ke1 Nd6 31. Bc3 Nc4 32. Bd5 Nxa3 33. g5 Rxc3
34. g6 Nc2+ 35. Kd2 Rd3+ 36. Kxd3 Nb4+ 37. Kc4 Nxd5 38. Rxd5 fxg6 39. Kb5 a4 40.
Kxa4 1-0